<?xml version="1.0" encoding="UTF-8"?><?xml-stylesheet type="text/xsl" href="static/style.xsl"?><OAI-PMH xmlns="http://www.openarchives.org/OAI/2.0/" xmlns:xsi="http://www.w3.org/2001/XMLSchema-instance" xsi:schemaLocation="http://www.openarchives.org/OAI/2.0/ http://www.openarchives.org/OAI/2.0/OAI-PMH.xsd"><responseDate>2026-04-14T03:48:17Z</responseDate><request verb="GetRecord" identifier="oai:www.recercat.cat:10230/35757" metadataPrefix="marc">https://recercat.cat/oai/request</request><GetRecord><record><header><identifier>oai:recercat.cat:10230/35757</identifier><datestamp>2025-12-20T17:03:26Z</datestamp><setSpec>com_2072_6</setSpec><setSpec>col_2072_452952</setSpec></header><metadata><record xmlns="http://www.loc.gov/MARC21/slim" xmlns:dcterms="http://purl.org/dc/terms/" xmlns:xsi="http://www.w3.org/2001/XMLSchema-instance" xmlns:doc="http://www.lyncode.com/xoai" xsi:schemaLocation="http://www.loc.gov/MARC21/slim http://www.loc.gov/standards/marcxml/schema/MARC21slim.xsd">
   <leader>00925njm 22002777a 4500</leader>
   <datafield ind2=" " ind1=" " tag="042">
      <subfield code="a">dc</subfield>
   </datafield>
   <datafield ind2=" " ind1=" " tag="720">
      <subfield code="a">Gulati, Sankalp</subfield>
      <subfield code="e">author</subfield>
   </datafield>
   <datafield ind2=" " ind1=" " tag="720">
      <subfield code="a">Serrà Julià, Joan</subfield>
      <subfield code="e">author</subfield>
   </datafield>
   <datafield ind2=" " ind1=" " tag="720">
      <subfield code="a">Ishwar, Vignesh</subfield>
      <subfield code="e">author</subfield>
   </datafield>
   <datafield ind2=" " ind1=" " tag="720">
      <subfield code="a">Serra, Xavier</subfield>
      <subfield code="e">author</subfield>
   </datafield>
   <datafield ind2=" " ind1=" " tag="260">
      <subfield code="c">2018-11-15T08:48:57Z</subfield>
   </datafield>
   <datafield ind2=" " ind1=" " tag="260">
      <subfield code="c">2018-11-15T08:48:57Z</subfield>
   </datafield>
   <datafield ind2=" " ind1=" " tag="260">
      <subfield code="c">2014</subfield>
   </datafield>
   <datafield ind2=" " ind1=" " tag="520">
      <subfield code="a">Comunicació presentada a la 10th International Conference on Signal Image Technology and Internet Based Systems celebrada del 23 al 27 de novembre de 2014 a Marràqueix (Marroc).</subfield>
   </datafield>
   <datafield ind2=" " ind1=" " tag="520">
      <subfield code="a">Discovery of repeating structures in music is&#xd;
fundamental to its analysis, understanding and interpretation.&#xd;
We present a data-driven approach for the discovery of shorttime&#xd;
melodic patterns in large collections of Indian art music.&#xd;
The approach first discovers melodic patterns within an audio&#xd;
recording and subsequently searches for their repetitions in the&#xd;
entire music collection. We compute similarity between melodic&#xd;
patterns using dynamic time warping (DTW). Furthermore, we&#xd;
investigate four different variants of the DTW cost function&#xd;
for rank refinement of the obtained results. The music collection&#xd;
used in this study comprises 1,764 audio recordings&#xd;
with a total duration of 365 hours. Over 13 trillion DTW&#xd;
distance computations are done for the entire dataset. Due&#xd;
to the computational complexity of the task, different lower&#xd;
bounding and early abandoning techniques are applied during&#xd;
DTW distance computation. An evaluation based on expert&#xd;
feedback on a subset of the dataset shows that the discovered&#xd;
melodic patterns are musically relevant. Several musically&#xd;
interesting relationships are discovered, yielding further scope&#xd;
for establishing novel similarity measures based on melodic&#xd;
patterns. The discovered melodic patterns can further be used&#xd;
in challenging computational tasks such as automatic r¯aga&#xd;
recognition, composition identification and music recommendation.</subfield>
   </datafield>
   <datafield ind2=" " ind1=" " tag="520">
      <subfield code="a">This work is partly supported by the European Research&#xd;
Council under the European Union’s Seventh Framework&#xd;
Program, as part of the CompMusic project (ERC&#xd;
grant agreement 267583). J.S. acknowledges 2009-SGR-&#xd;
1434 from Generalitat de Catalunya, ICT-2011-8-318770&#xd;
from the European Commission, JAEDOC069/2010 from&#xd;
CSIC, and European Social Funds.</subfield>
   </datafield>
   <datafield tag="653" ind2=" " ind1=" ">
      <subfield code="a">Motifs</subfield>
   </datafield>
   <datafield tag="653" ind2=" " ind1=" ">
      <subfield code="a">Pattern discovery</subfield>
   </datafield>
   <datafield tag="653" ind2=" " ind1=" ">
      <subfield code="a">Time series</subfield>
   </datafield>
   <datafield tag="653" ind2=" " ind1=" ">
      <subfield code="a">Melodic analysis</subfield>
   </datafield>
   <datafield tag="653" ind2=" " ind1=" ">
      <subfield code="a">Indian art music</subfield>
   </datafield>
   <datafield ind2="0" ind1="0" tag="245">
      <subfield code="a">Mining melodic patterns in large audio collections of Indian art music</subfield>
   </datafield>
</record></metadata></record></GetRecord></OAI-PMH>